Представление документа в формате RUSMARC

ПолеНазваниеЗначение
  Тип записи a
  Библиографический уровень m
001 Контрольный номер RU/IS/BASE/324044521
005 Дата корректировки 20231206164333.2
010 Индекс ISBN __
d Цена 0-35
100 Данные общей обработки __
a Данные общей обработки 20231206d1973 d y0rusy028902 ca
101 Язык документа 0_
a Язык текста rus
c Язык оригинала rus
102 Страна публикации __
a Страна публикации RU
105 Кодированные данные (монография) __
a Кодированные данные (монография) a z 000ay
181 Поле кодированных данных: вид содержания _0
a Код вида содержания (ISBD) i
182 Поле кодированных данных: тип средства _0
a Код типа средства (ISBD) n
200 Заглавие и сведения об ответственности 1_
a Заглавие Белка из Ольховки
e Сведения, относящиеся к заглавию повесть
f Первые сведения об ответственности Корытковская А. Г. ; рис. В. Самойлова
b Общее обозначение материала Текст
205 Сведения об издании __
a Основные сведения об издании Изд. 2-е, перераб.
210 Выходные данные 1_
a Место издания М.
c Издательство Дет. лит.
d Дата издания 1973
215 Физическое описание __
a Объем 127 с.
c Иллюстрации/тип воспроизводства ил.
606 Тематические рубрики __
a Основная рубрика Художественная литература
z Хронологическая подрубрика 20 в.
y Географическая подрубрика Россия
2 Код системы nlr_sh
606 Тематические рубрики __
a Основная рубрика Русская литература XX в. (произведения)
2 Код системы nlr_sh
610 Ключевые слова 0_
a Ключевые слова детская литература; повести
686 Индексы других классификаций __
a Классификационный индекс 84(2Рос=Рус)6-4
2 Код системы rubbks
700 Автор _1
a Фамилия Корытковская
b Имя А. Г.
4 Код отношения 070
702 Вторичная интеллектуальная ответственность _1
a Фамилия Самойлов
b Имя В.
4 Код отношения Художник
4 Код отношения 040
801 Источник записи _0
a Страна RU
b Организация Муниципальное бюджетное учреждение культуры "Централизованная библиотечная система" г. Сургут (Центральная городская библиотека им. А. С. Пушкина)
g Правила каталогизации PSBO
c Дата составления 20060911
801 Источник записи _1
a Страна RU
b Организация Муниципальное бюджетное учреждение культуры "Централизованная библиотечная система" г. Сургут (Центральная городская библиотека им. А. С. Пушкина)
g Правила каталогизации PSBO
c Дата составления 20060911
852 Данные о местонахождении __
j Шифр хранения 84(2Рос=Рус)6-4
c Каталожный индекс 84(2Рос=Рус)6-4
i Авторский знак К 70
p Инвентарный номер 3720(д)
901 Тип документа __
t Тип документа m
a Ответственный ЦДБ/Симакова
901 Тип документа __
a Ответственный СКБР2023
903 Характеристики (МАРС) __
a Дата передачи 20060911
c Наименование библиотеки (МАРС) Муниципальное бюджетное учреждение культуры "Централизованная библиотечная система" г. Сургут (Центральная городская библиотека им. А. С. Пушкина)
990 Данные о заказе (DOS) __
j Количество экземпляров (DOS) 1
t N записи в КСУ для И/У (DOS) ретр